Central Library and Information Centre
Sibsagar Girls' College, Sivasagar : Assam

NUMERICAL PROBLEMS IN PHYSICS (Record no. 27926)

MARC details
000 -LEADER
fixed length control field 00707cam a2200217ua 4500
001 - CONTROL NUMBER
control field 24678
008 - FIXED-LENGTH DATA ELEMENTS--GENERAL INFORMATION
fixed length control field 190622n2017 II |||gr||||Z||||||eng
082 ## - DEWEY DECIMAL CLASSIFICATION NUMBER
Classification number 519.4
245 ## - TITLE STATEMENT
Title NUMERICAL PROBLEMS IN PHYSICS
Medium Textual Documents
260 ## - PUBLICATION, DISTRIBUTION, ETC.
Place of publication, distribution, etc. NEW DELHI
Name of publisher, distributor, etc. S.CHAND & COMPANY
Date of publication, distribution, etc. 2017
300 ## - PHYSICAL DESCRIPTION
Extent 497:
Dimensions 20CM.
500 ## - GENERAL NOTE
General note RUSA
653 ## - INDEX TERM--UNCONTROLLED
Uncontrolled term Numerical Physics
700 ## - ADDED ENTRY--PERSONAL NAME
Personal name JAIN, K.C.,
Relator term AUTHOR.
700 ## - ADDED ENTRY--PERSONAL NAME
Personal name ARORA, C.L.,
Relator term AUTHOR.
Holdings
Withdrawn status Lost status Source of classification or shelving scheme Damaged status Not for loan Collection code Home library Current library Shelving location Date acquired Source of acquisition Cost, normal purchase price Full call number Barcode Date last seen Price effective from Koha item type Public note
    Dewey Decimal Classification     TBPHY Central Library and Information Centre Sibsagar Girls College Central Library and Information Centre Sibsagar Girls College PHYSICS BOOK RACK 31.10.2017 Bani Mandir 360.00 519.4 JAI 42499 15.07.2022 15.07.2022 Books V
    Dewey Decimal Classification     TBPHY Central Library and Information Centre Sibsagar Girls College Central Library and Information Centre Sibsagar Girls College PHYSICS BOOK RACK 31.10.2017 Bani Mandir 360.00 519.4 JAI 42500 15.07.2022 15.07.2022 Books V
    Dewey Decimal Classification     TBPHY Central Library and Information Centre Sibsagar Girls College Central Library and Information Centre Sibsagar Girls College PHYSICS BOOK RACK 31.10.2017 Bani Mandir 360.00 519.4 JAI 42501 15.07.2022 15.07.2022 Books V
    Dewey Decimal Classification     TBPHY Central Library and Information Centre Sibsagar Girls College Central Library and Information Centre Sibsagar Girls College PHYSICS BOOK RACK 31.10.2017 Bani Mandir 360.00 519.4 JAI 42502 15.07.2022 15.07.2022 Books V
    Dewey Decimal Classification     TBPHY Central Library and Information Centre Sibsagar Girls College Central Library and Information Centre Sibsagar Girls College PHYSICS BOOK RACK 31.10.2017 Bani Mandir 360.00 519.4 JAI 42503 15.07.2022 15.07.2022 Books V


Sibsagar Girl's College © 2020. All rights reserved.
Powered by Koha.
Maintained by Abhijit Borpuzari.